Normal view MARC view
  • Taggart, Ralph

Entry Nombre personal

Number of records used in: 1

001 - NÚMERO DE CONTROL

  • campo de control: 12644

003 - IDENTIFICADOR DE NÚMERO DE CONTROL

  • campo de control: DLC

005 - FECHA Y HORA DE LA ÚLTIMA TRANSACCIÓN

  • campo de control: 20230629141049.0

008 - ELEMENTOS DE DATO DE LONGITUD-FIJA

  • campo de control de longitud fija: 771018n| azannaab |n aaa

010 ## - NÚMERO DE CONTROL DE LA BIBLIOTECA DEL CONGRESO

  • Número de control de LC: n 77011318
  • Número de control de LC cancelado o no válido: n 91002728

040 ## - FUENTE DE CATALOGACIÓN

  • Centro catalogador/agencia de origen: DLC
  • Lengua de catalogación: eng
  • Normas de descripción: rda
  • Centro/agencia transcriptor: DLC
  • Centro/agencia modificador: DLC

100 1# - ENCABEZAMIENTO-NOMBRE DE PERSONA

  • Nombre de persona: Taggart, Ralph

670 ## - FUENTE DE DATOS ENCONTRADOS

  • Cita de la fuente: Kirk, D. Biology, c1978 (a.e.)
  • Información encontrada: t.p. (Ralph Taggart, Michigan State Univ.)

670 ## - FUENTE DE DATOS ENCONTRADOS

  • Cita de la fuente: His Weather satellite handbook, c1990:
  • Información encontrada: t.p. (Dr. Ralph E. Taggart, WB8DQT) vita (b. 1941; Ph. D. in paleobotany from MSU, 1970; prof. Dept. of Botany and Plant Pathology, MSU)
  
Av. Ferrocarril s/n, CD. Universitaria, Loma Bonita, Oax., México C.P. 68400
Circuito Central #200, colonia Parque Industrial, Tuxtepec, Oax., México C.P. 68301